000 01094naa a22002897a 4500
001 BR9206050
003 BR-BrBNA
005 20240918180753.0
007 ta
008 230509b bl.||||| |||| 00| 0 por d
040 _aBR-BrBNA
_bpor
_cBiblioteca Nacional de Agricultura
041 _a(Pt)
072 _aP33
090 _aP33 BR9206050
100 1 _aHildebrand, E.E.
111 1 _aO Desafio das Florestas Neotropicais
_cCuritiba, PR (Brazil)
_d7-12 Apr 1991
245 1 _aAnalise quimica do solo florestal em amostras natural-estruturadas, metodos e resultados
246 1 _aThe chemical analysis of undisturbed forest soil cores - methods and results
246 1 _aThe challenge of neotropical forests
260 3 _aCuritiba, PR (Brasil):
_c1991.
500 _aO desafio das florestas neotropicais Curitiba, PR (Brasil): 1991. p. 20-28 (BR9206050-AM)P33
650 _aSOLO
650 _aANALISE QUIMICA
773 0 _tO desafio das florestas neotropicais
_wP33 BR9206050
_gCuritiba, PR (Brasil), 1991. p. 20-28
909 _a202404
_bLucia
_c55
_dLucia Elande
942 _cAM
_2AGRIS
999 _c321983
_d321983